| 000 | 00218nam a22000857a 4500 | ||
|---|---|---|---|
| 999 |
_c23598 _d23598 |
||
| 003 | Nust | ||
| 005 | 20170510163114.0 | ||
| 008 | 131219b xxu||||| |||| 00| 0 eng d | ||
| 020 | _cAvailable | ||
| 040 |
_aDLC _bDLC _cRCMS |
||
| 082 | _a842.91 BCE | ||
| 100 |
_aBeckett, Samuel _9317 |
||
| 245 | _aWaiting for Godot: Tragicomedy in Two Acts | ||
| 260 |
_aIndia _bAB Books _cc2006 |
||
| 300 |
_a60 p. ; _bill: _c24,cm. |
||
| 538 | _iShelf # 13, Row # 1, Fiction. | ||
| 650 |
_aEnglish Literature _9318 |
||
| 856 | _3Table of Content Only | ||
| 942 |
_2ddc _cFIC |
||